Normal view
MARC view
- الحياري ، احمد ابراهيم
Entry Personal Name
001 - CONTROL NUMBER
- control field: 53161
003 - CONTROL NUMBER IDENTIFIER
- control field: JO-AjAnu
005 - DATE AND TIME OF LATEST TRANSACTION
- control field: 20230606082731.0
008 - FIXED-LENGTH DATA ELEMENTS
- fixed length control field: 230606|| aca||aabn | a|a d
040 ## - CATALOGING SOURCE
- Original cataloging agency: JO-AjAnu
- Transcribing agency: JO-AjAnu
100 ## - HEADING--PERSONAL NAME
- Personal name: الحياري ، احمد ابراهيم
670 ## - SOURCE DATA FOUND
- Source citation: Work cat.: (JO-AjAnu)27161: الحياري ، احمد ابراهيم , author, المسؤولية التقصيرية عن فعل الغير " دراسة تحليلية انتقادية تاريخية موازنة بالقانون المدني الأردني والقانون المدني الفرنسي "